| 000 | 00537nam a22001217a 4500 | ||
|---|---|---|---|
| 082 | _a220 PRO | ||
| 100 |
_aBareera Faisal Zainab Shaukat Yasha Laila Ali _971284 |
||
| 245 | _aPR-SOF-1755-Deep Learning Based Analysis of Optical Coherence Tomography (OCT) Scans For Early Detection of Age Related Macular Degeneration (AMD) | ||
| 260 |
_aISLAMABAD _bNUST COLLEGE OF EME _c2018 |
||
| 650 |
_a DE-ELECT-36 DECLASS _971285 |
||
| 700 |
_a PROJECT SUPERVISORS Dr Shoab A. Khan Asst Prof Kamran Aziz Bhatti Dr Usman Akram _971286 |
||
| 942 | _cCR | ||
| 999 |
_c577888 _d577888 |
||